| 000 | 02084nam a2200397 i 4500 | ||
|---|---|---|---|
| 001 | 000014000 | ||
| 003 | DO-SdBNP | ||
| 005 | 20250307073709.0 | ||
| 007 | ta | ||
| 008 | 091202s2006 dr 001 0 spa d | ||
| 020 | _a9945404113 | ||
| 040 |
_aDO-SdBNP _bspa _cBNPHU _erda |
||
| 082 | 4 |
_aRD864.42 _bH519s _222 |
|
| 100 | 1 |
_aHenríquez Ureña, Pedro, _d1884-1946 _eautor _91718 |
|
| 245 | 1 | 0 |
_aSeis ensayos en busca de nuestra expresión / _cPedro Henríquez Ureña ; editor, Miguel Collado ; presentación, Alejandrina Germán ; prólogo, Emilio Carilla. |
| 264 | 1 |
_aSanto Domingo : _bSecretaría de Estado de Educación, _c2006. |
|
| 300 |
_a143 páginas ; _c22 cm. |
||
| 336 |
_atexto _btxt _2rdacontent |
||
| 337 |
_asin mediación _bn _2rdamedia |
||
| 338 |
_avolumen _bnc _2rdacarrier |
||
| 500 | _aIncluye referencias bibliográficas y notas al pie de las páginas | ||
| 505 | 2 |
_aPresentación / _rAlejandrina Germán -- _tPrólogo / _r Emilio Carilla -- _tOrientaciones -- _tEl descontento y la promesa -- _tCaminos de nuestra historia literaria -- _tHacia el nuevo teatro -- _tFiguras -- _tDon Juan Ruiz de Alarcón -- _t Enrique González Martínez -- _tAlfonso Reyes -- _tCaminos de nuestra historia literaria -- _tEl amigo argentino -- _tAlfonso Reyes -- _tPoesía argentina contemporánea -- _t Veinte años de literatura en los Estados Unidos -- _tPalabras finales -- _tNotas. |
|
| 590 | _aInventariado, 2024/DG | ||
| 600 | 1 | 0 |
_aHenríquez Ureña, Pedro, _d1884-1946 _xPensamiento político y social _91718 |
| 650 | 4 |
_aIntelectuales _zRepública Dominicana _91721 |
|
| 650 | 4 |
_aEspañol _xLexicografía _91722 |
|
| 650 | 0 |
_aIdentidad colectiva _91723 |
|
| 650 | 0 |
_aEnsayos dominicanos _965 |
|
| 650 | 0 |
_aLiteratura dominicana. _967 |
|
| 651 | 4 |
_aRepública Dominicana _xCaracterísticas Nacionales _91720 |
|
| 700 | 1 |
_aGermán, Alejandrina _ePresentación _4pre. _912096 |
|
| 700 | 1 |
_aCollado, Miguel A., _d1954- _eeditor _4ed. _924696 |
|
| 700 | 1 |
_aCarilla, Emilio, _eprologuista _4pr. _931678 |
|
| 910 | _aValidado. Control de calidad BNPHU. | ||
| 942 |
_2ddc _cLBS1 |
||
| 999 |
_c13604 _d13604 |
||